[Event "Titled Tuesday intern op 24th Sep Late"]
[Site "Chess.com INT"]
[Date "2024.09.24"]
[Round "4"]
[White "Guo, Anni"]
[Black "Garrido, Denis"]
[Result "0-1"]
[WhiteElo "1860"]
[BlackElo "2230"]
[PlyCount "41"]
[EventDate "2024.09.24"]
[EventType "swiss (blitz)"]
[EventRounds "11"]
[EventCountry "USA"]
[SourceTitle "EXT 2025"]
[Source "ChessBase"]
[SourceDate "2024.10.14"]
[SourceVersion "1"]
[SourceVersionDate "2024.10.14"]
[SourceQuality "1"]

1. b3 g6 2. Bb2 Nf6 3. Nf3 Bg7 4. d3 0-0 5. e3 d5 6. c4 dxc4 7. dxc4 Qxd1+ 8. Kxd1 Nc6 9. Bd3 Ng4 10. Bxg7 Kxg7 11. Ke2 Nb4 12. Rd1 Rd8 13. Nc3 Nxd3 14. Rxd3 Rxd3 15. Kxd3 Nxf2+ 16. Ke2 Ng4 17. Nd5 c6 18. Nxe7 Be6 19. Ng5 Re8 20. Nxe6+ fxe6 21. h3 0-1

[Event "Titled Tuesday intern op 24th Sep Late"]
[Site "Chess.com INT"]
[Date "2024.09.24"]
[Round "5"]
[White "Guo, Anni"]
[Black "Krzywda, Andrzej"]
[Result "0-1"]
[WhiteElo "1860"]
[BlackElo "2208"]
[PlyCount "58"]
[EventDate "2024.09.24"]
[EventType "swiss (blitz)"]
[EventRounds "11"]
[EventCountry "USA"]
[SourceTitle "EXT 2025"]
[Source "ChessBase"]
[SourceDate "2024.10.14"]
[SourceVersion "1"]
[SourceVersionDate "2024.10.14"]
[SourceQuality "1"]

1. b3 d5 2. Bb2 c5 3. e3 Nf6 4. Nf3 g6 5. d4 Nbd7 6. Be2 Bg7 7. 0-0 0-0 8. Nbd2 cxd4 9. Nxd4 e5 10. N4f3 e4 11. Nd4 Ne5 12. c4 dxc4 13. Nxc4 Nxc4 14. Bxc4 a6 15. a4 h5 16. h3 Re8 17. Qe2 Qe7 18. Rfd1 Nd7 19. Rac1 Ne5 20. Bd5 Nd3 21. Rb1 Nxb2 22. Rxb2 Qg5 23. Qc4 Bxh3 24. Bxf7+ Kh7 25. g3 Rec8 26. Qe2 Bg4 27. f3 Bxd4 28. exd4 Bxf3 29. Qd2 Qxg3+ 0-1

[Event "Titled Tuesday intern op 24th Sep Late"]
[Site "Chess.com INT"]
[Date "2024.09.24"]
[Round "8"]
[White "Guo, Anni"]
[Black "Playa, Marcelo"]
[Result "0-1"]
[WhiteElo "1860"]
[BlackElo "2376"]
[PlyCount "38"]
[EventDate "2024.09.24"]
[EventType "swiss (blitz)"]
[EventRounds "11"]
[EventCountry "USA"]
[SourceTitle "EXT 2025"]
[Source "ChessBase"]
[SourceDate "2024.10.14"]
[SourceVersion "1"]
[SourceVersionDate "2024.10.14"]
[SourceQuality "1"]

1. b3 e5 2. Bb2 d6 3. e3 Nf6 4. d4 exd4 5. exd4 Be7 6. Nf3 0-0 7. Be2 Bg4 8. 0-0 Re8 9. h3 Bh5 10. Nbd2 Nc6 11. c4 d5 12. c5 Ne4 13. Nxe4 dxe4 14. Nh2 Bxe2 15. Qxe2 Nxd4 16. Qxe4 Bf6 17. Qb1 Re2 18. Ng4 Rxb2 19. Nxf6+ Qxf6 0-1

[Event "Titled Tuesday intern op 24th Sep Late"]
[Site "Chess.com INT"]
[Date "2024.09.24"]
[Round "11"]
[White "Guo, Anni"]
[Black "Tan, Ralph"]
[Result "0-1"]
[WhiteElo "1860"]
[BlackElo "1990"]
[PlyCount "46"]
[EventDate "2024.09.24"]
[EventType "swiss (blitz)"]
[EventRounds "11"]
[EventCountry "USA"]
[SourceTitle "EXT 2025"]
[Source "ChessBase"]
[SourceDate "2024.10.14"]
[SourceVersion "1"]
[SourceVersionDate "2024.10.14"]
[SourceQuality "1"]

1. b3 e5 2. Bb2 Nc6 3. e3 Nf6 4. d4 exd4 5. exd4 d5 6. Nf3 Bg4 7. Be2 Bd6 8. h3 Bh5 9. 0-0 0-0 10. Nbd2 Re8 11. Re1 Ne7 12. Ne5 Bxe2 13. Rxe2 Ng6 14. Ndf3 Nf4 15. Re1 Ne4 16. c4 c6 17. Rc1 Qf6 18. Qc2 Bxe5 19. Nxe5 Qg5 20. g3 Nxh3+ 21. Kg2 Nhxf2 22. cxd5 Qxg3+ 23. Kf1 cxd5 0-1

[Event "Titled Tuesday intern op 20th Aug Early"]
[Site "Chess.com INT"]
[Date "2024.08.20"]
[Round "4"]
[White "Liu, Zachary Hankun"]
[Black "Guo, Anni"]
[Result "1-0"]
[WhiteElo "2004"]
[BlackElo "1860"]
[PlyCount "133"]
[EventDate "2024.08.20"]
[EventType "swiss (blitz)"]
[EventRounds "11"]
[EventCountry "USA"]
[SourceTitle "EXT 2025"]
[Source "ChessBase"]
[SourceDate "2024.10.14"]
[SourceVersion "1"]
[SourceVersionDate "2024.10.14"]
[SourceQuality "1"]

1. c4 e6 2. g3 Nf6 3. Nf3 g6 4. Bg2 Bg7 5. 0-0 0-0 6. Nc3 Nc6 7. d4 d5 8. cxd5 exd5 9. Bf4 Be6 10. Ne5 Nxe5 11. dxe5 Nd7 12. Nxd5 Nxe5 13. Nc3 c6 14. Qc2 Qb6 15. Na4 Qb4 16. Nc5 Bf5 17. e4 Bg4 18. Bxe5 Bxe5 19. Nd3 Qe7 20. Nxe5 Qxe5 21. h3 Be6 22. f4 Qd4+ 23. Kh2 Rfd8 24. Rad1 Qc4 25. Qxc4 Bxc4 26. Rxd8+ Rxd8 27. Rc1 Be6 28. Rc2 Bxa2 29. b4 Be6 30. g4 Rd4 31. f5 Bb3 32. Rc3 Bd1 33. Kg3 gxf5 34. exf5 Be2 35. Kf2 Bb5 36. Rb3 Kg7 37. Bf3 Kf6 38. Rb2 h6 39. Kg3 Rd3 40. Kf4 Rd4+ 41. Kg3 Kg5 42. h4+ Kf6 43. Rb1 Rd3 44. Kf4 Rd4+ 45. Kg3 Ke7 46. Re1+ Kd6 47. g5 hxg5 48. hxg5 Bd3 49. Bg4 Re4 50. Rd1 Rd4 51. Be2 Ke5 52. Rxd3 Rxb4 53. Rf3 a5 54. g6 Kf6 55. gxf7 Kxf7 56. Bd3 Rd4 57. f6 b5 58. Bg6+ Kf8 59. f7 Rd6 60. Bh5 c5 61. Re3 Rf6 62. Re8+ Kg7 63. Rg8+ Kh6 64. f8Q+ Rxf8 65. Rxf8 Kxh5 66. Rf5+ Kg6 67. Rxc5 1-0

[Event "Titled Tuesday intern op 13th Aug Early"]
[Site "Chess.com INT"]
[Date "2024.08.13"]
[Round "3"]
[White "Devaev, Alexander"]
[Black "Guo, Anni"]
[Result "1-0"]
[WhiteElo "2325"]
[BlackElo "1860"]
[PlyCount "82"]
[EventDate "2024.08.13"]
[EventType "swiss (blitz)"]
[EventRounds "11"]
[EventCountry "USA"]
[SourceTitle "EXT 2025"]
[Source "ChessBase"]
[SourceDate "2024.10.14"]
[SourceVersion "1"]
[SourceVersionDate "2024.10.14"]
[SourceQuality "1"]

1. d4 g6 2. c4 Bg7 3. Nc3 e6 4. e4 Ne7 5. Nf3 0-0 6. h4 h5 7. Bg5 d6 8. Bd3 Nd7 9. Qd2 a6 10. a3 c5 11. Be3 Nc6 12. Bc2 Nb6 13. b3 cxd4 14. Nxd4 d5 15. exd5 exd5 16. c5 Nd7 17. Rd1 Re8 18. Kf1 Nf6 19. Bg5 Bg4 20. f3 Be6 21. b4 Nxd4 22. Qxd4 Qe7 23. Re1 Qd8 24. Re2 Rc8 25. Bb3 Rc6 26. Rd2 Bf5 27. Ne2 Qc8 28. Qf2 Rc7 29. Nd4 Be6 30. g3 Rd7 31. Kg2 Rc7 32. Re1 Nh7 33. Bf4 Rd7 34. Rde2 Rde7 35. Bd6 Rd7 36. Nxe6 fxe6 37. Rxe6 Rxe6 38. Rxe6 Kf7 39. Qe2 Qd8 40. Bxd5 Nf6 41. Re7+ Kf8 1-0

[Event "Titled Tuesday intern op 13th Aug Early"]
[Site "Chess.com INT"]
[Date "2024.08.13"]
[Round "8"]
[White "Yaniv, Ori"]
[Black "Guo, Anni"]
[Result "1-0"]
[WhiteElo "2131"]
[BlackElo "1860"]
[PlyCount "50"]
[EventDate "2024.08.13"]
[EventType "swiss (blitz)"]
[EventRounds "11"]
[EventCountry "USA"]
[SourceTitle "EXT 2025"]
[Source "ChessBase"]
[SourceDate "2024.10.14"]
[SourceVersion "1"]
[SourceVersionDate "2024.10.14"]
[SourceQuality "1"]

1. e4 b6 2. d4 Bb7 3. Bd3 e6 4. Nf3 d5 5. e5 c5 6. c3 Ne7 7. 0-0 g6 8. Bg5 Bg7 9. Qd2 Nbc6 10. Qf4 Qd7 11. Na3 a6 12. Bf6 Bxf6 13. exf6 Nc8 14. c4 cxd4 15. cxd5 Qxd5 16. Nc4 b5 17. Be4 Qd7 18. Nce5 Nxe5 19. Nxe5 Qc7 20. Rac1 Qb8 21. Bxb7 Qxb7 22. Qxd4 Nb6 23. Qf4 Nd5 24. Qh6 Nxf6 25. Qg7 Ke7 1-0

[Event "Titled Tuesday intern op 23rd Jul Late"]
[Site "Chess.com INT"]
[Date "2024.07.23"]
[Round "7"]
[White "Cardozo Munar, Carlos Eduardo"]
[Black "Guo, Anni"]
[Result "0-1"]
[WhiteElo "2060"]
[BlackElo "1883"]
[PlyCount "84"]
[EventDate "2024.07.23"]
[EventType "swiss (blitz)"]
[EventRounds "11"]
[EventCountry "USA"]
[SourceTitle "EXT 2025"]
[Source "ChessBase"]
[SourceDate "2024.10.14"]
[SourceVersion "1"]
[SourceVersionDate "2024.10.14"]
[SourceQuality "1"]

1. e4 e6 2. d4 d5 3. Nd2 dxe4 4. Nxe4 Nf6 5. Bg5 Be7 6. Bxf6 Bxf6 7. Nxf6+ Qxf6 8. Nf3 b6 9. Be2 Bb7 10. 0-0 0-0 11. c4 Nd7 12. b4 Rfd8 13. a4 Nf8 14. a5 Ng6 15. axb6 axb6 16. Rxa8 Rxa8 17. g3 h6 18. Re1 Ra3 19. Ne5 Nxe5 20. dxe5 Qe7 21. Qd2 Rb3 22. b5 Ra3 23. Rd1 Qc5 24. Qd8+ Kh7 25. Bd3+ g6 26. Bxg6+ Kxg6 27. Qf6+ Kh5 28. Qxf7+ Kg5 29. h4+ Kg4 30. Qxe6+ Kf3 31. Qf5+ Ke2 32. Qc2+ Kf3 33. Rd3+ Rxd3 34. Qxd3+ Kg4 35. Qg6+ Kf3 36. Qf6+ Ke2 37. e6 Qxc4 38. Qe5+ Kd3 39. Qe3+ Kc2 40. e7 Qd5 41. Kf1 Qh1+ 42. Ke2 Qd1# 0-1

[Event "Titled Tuesday intern op 23rd Jul Late"]
[Site "Chess.com INT"]
[Date "2024.07.23"]
[Round "10"]
[White "Guo, Anni"]
[Black "Rees, Ioan"]
[Result "0-1"]
[WhiteElo "1883"]
[BlackElo "2251"]
[PlyCount "50"]
[EventDate "2024.07.23"]
[EventType "swiss (blitz)"]
[EventRounds "11"]
[EventCountry "USA"]
[SourceTitle "EXT 2025"]
[Source "ChessBase"]
[SourceDate "2024.10.14"]
[SourceVersion "1"]
[SourceVersionDate "2024.10.14"]
[SourceQuality "1"]

1. b3 d5 2. Bb2 Bf5 3. e3 Nf6 4. d4 e6 5. Nf3 h6 6. Bd3 Ne4 7. Nbd2 Nd7 8. c4 c6 9. 0-0 Bd6 10. Bxe4 dxe4 11. Ne5 Bxe5 12. dxe5 Nc5 13. Qc2 0-0 14. b4 Nd3 15. Rad1 Nxb4 16. Qb3 Qb6 17. c5 Qxc5 18. Bd4 Qe7 19. Nc4 b6 20. Nd6 c5 21. Bb2 Bg6 22. a3 Nd5 23. Qc4 f5 24. exf6 Qxd6 25. fxg7 Rf5 0-1

[Event "Titled Tuesday intern op 23rd Jul Late"]
[Site "Chess.com INT"]
[Date "2024.07.23"]
[Round "11"]
[White "Huseynova, Lala"]
[Black "Guo, Anni"]
[Result "1/2-1/2"]
[WhiteElo "1972"]
[BlackElo "1883"]
[PlyCount "112"]
[EventDate "2024.07.23"]
[EventType "swiss (blitz)"]
[EventRounds "11"]
[EventCountry "USA"]
[SourceTitle "EXT 2025"]
[Source "ChessBase"]
[SourceDate "2024.10.14"]
[SourceVersion "1"]
[SourceVersionDate "2024.10.14"]
[SourceQuality "1"]

1. e4 c5 2. Nf3 d6 3. d4 cxd4 4. Nxd4 Nf6 5. Nc3 g6 6. Be3 Bg7 7. Be2 0-0 8. Qd2 Nc6 9. 0-0 Bd7 10. f4 a6 11. Rad1 Rc8 12. Bf3 Qa5 13. Nxc6 Bxc6 14. Nd5 Qd8 15. Nxf6+ Bxf6 16. Bd4 Bxd4+ 17. Qxd4 Bb5 18. Rf2 Qc7 19. Rfd2 Qa5 20. f5 Qxa2 21. f6 exf6 22. Qxf6 Rc6 23. Rxd6 Rxc2 24. Rd8 Rc8 25. Rxc8 Rxc8 26. e5 Bc6 27. Bxc6 bxc6 28. Rf1 Qd5 29. Qe7 Rb8 30. b4 Qd4+ 31. Kh1 Qc4 32. Kg1 Qd4+ 33. Kh1 Qc4 34. Kg1 Qe6 35. Qc5 Rb5 36. Qd4 Qd5 37. Qf4 Qe6 38. Re1 Rd5 39. h3 Kg7 40. Qe4 Rb5 41. Qd4 Rb7 42. Kh1 Rd7 43. Qe4 Re7 44. Qd4 Rd7 45. Qe4 Rd2 46. Qf4 Rc2 47. Rf1 Rc4 48. Qd2 Qxe5 49. Qd7 Rf4 50. Rxf4 Qxf4 51. Qxc6 Qxb4 52. Qxa6 Qe1+ 53. Kh2 Qe5+ 54. Kh1 Qe1+ 55. Kh2 Qe5+ 56. Kh1 Qe1+ 1/2-1/2

[Event "Titled Tuesday intern op 16th Jul Late"]
[Site "Chess.com INT"]
[Date "2024.07.16"]
[Round "5"]
[White "Caku, Kler"]
[Black "Guo, Anni"]
[Result "1-0"]
[WhiteElo "1859"]
[BlackElo "1883"]
[PlyCount "73"]
[EventDate "2024.07.16"]
[EventType "swiss (blitz)"]
[EventRounds "11"]
[EventCountry "USA"]
[SourceTitle "EXT 2025"]
[Source "ChessBase"]
[SourceDate "2024.10.14"]
[SourceVersion "1"]
[SourceVersionDate "2024.10.14"]
[SourceQuality "1"]

1. e4 g6 2. d4 Bg7 3. Nf3 d6 4. Nc3 Nd7 5. Be2 e6 6. Be3 Ne7 7. h3 a6 8. 0-0 b6 9. Qd2 Bb7 10. Rad1 h6 11. Nh2 Nf6 12. Bd3 g5 13. f4 gxf4 14. Bxf4 Qd7 15. Qf2 0-0-0 16. Qe2 Ng6 17. Bxa6 Nxf4 18. Rxf4 Rhg8 19. Bxb7+ Kxb7 20. Qf3 Kb8 21. a4 Qe7 22. a5 e5 23. Rf5 Rdf8 24. axb6 cxb6 25. Qe3 Nd7 26. Nd5 Qe6 27. dxe5 Bxe5 28. Nxb6 Nc5 29. Nf3 Qg6 30. Rd2 Qg3 31. Rxe5 dxe5 32. Qxc5 Qxf3 33. Nd7+ Kb7 34. Qb6+ Kc8 35. Qc6+ Kd8 36. Nxe5+ Ke7 37. Qd6+ 1-0

[Event "Titled Tuesday intern op 16th Jul Late"]
[Site "Chess.com INT"]
[Date "2024.07.16"]
[Round "4"]
[White "Guo, Anni"]
[Black "Jimenez Fernandez, Rebeca"]
[Result "1-0"]
[WhiteElo "1883"]
[BlackElo "2073"]
[PlyCount "105"]
[EventDate "2024.07.16"]
[EventType "swiss (blitz)"]
[EventRounds "11"]
[EventCountry "USA"]
[SourceTitle "EXT 2025"]
[Source "ChessBase"]
[SourceDate "2024.10.14"]
[SourceVersion "1"]
[SourceVersionDate "2024.10.14"]
[SourceQuality "1"]

1. b3 e5 2. Bb2 Nc6 3. e3 d6 4. d4 exd4 5. exd4 Nf6 6. Nf3 Bg4 7. Be2 d5 8. 0-0 Bd6 9. h3 Bf5 10. Nbd2 0-0 11. c4 dxc4 12. Nxc4 Ne7 13. Nfe5 Ned5 14. Bf3 Re8 15. Re1 c6 16. a3 Qc7 17. Rc1 Rad8 18. Qd2 h6 19. Rcd1 Bf8 20. Qc1 Nb6 21. Qc3 Nfd5 22. Qc1 Re6 23. Ne3 Bh7 24. Nxd5 Nxd5 25. Qc4 Nb6 26. Qc1 Red6 27. Bh5 g6 28. Bf3 Bg7 29. Bc3 Nd7 30. Qb2 c5 31. Nc4 cxd4 32. Nxd6 dxc3 33. Qc2 Ne5 34. Nb5 Nxf3+ 35. gxf3 Qc8 36. Rxd8+ Qxd8 37. Nxc3 Qc8 38. Rc1 Qxh3 39. Ne4 Be5 40. Qc8+ Qxc8 41. Rxc8+ Kg7 42. Re8 Bb2 43. a4 g5 44. Re7 b6 45. Rxa7 g4 46. Nd6 Bg6 47. fxg4 Bd4 48. Rb7 Kf6 49. Nb5 Bc5 50. Rd7 Kg5 51. Rc7 Kxg4 52. a5 Bd4 53. a6 1-0

[Event "Titled Tuesday intern op 16th Jul Late"]
[Site "Chess.com INT"]
[Date "2024.07.16"]
[Round "7"]
[White "Guo, Anni"]
[Black "Pavlidou, Ekaterini"]
[Result "0-1"]
[WhiteElo "1883"]
[BlackElo "2150"]
[PlyCount "73"]
[EventDate "2024.07.16"]
[EventType "swiss (blitz)"]
[EventRounds "11"]
[EventCountry "USA"]
[SourceTitle "EXT 2025"]
[Source "ChessBase"]
[SourceDate "2024.10.14"]
[SourceVersion "1"]
[SourceVersionDate "2024.10.14"]
[SourceQuality "1"]

1. b3 e5 2. Bb2 d6 3. e3 f5 4. d4 e4 5. c4 Nf6 6. h3 d5 7. Ne2 Bb4+ 8. Nbc3 c6 9. a3 Ba5 10. Ng3 Bc7 11. Nge2 0-0 12. g3 Be6 13. c5 Bf7 14. Bg2 Bh5 15. Qd2 b6 16. b4 a5 17. 0-0 Qe8 18. Rfc1 Bf3 19. Bxf3 exf3 20. Nf4 g5 21. Nd3 Qh5 22. Qd1 Ne4 23. Ne5 f4 24. exf4 Bxe5 25. dxe5 gxf4 26. Nxe4 dxe4 27. Qf1 fxg3 28. fxg3 f2+ 29. Kh2 e3 30. Qc4+ Qf7 31. Qg4+ Qg6 32. Qc4+ Rf7 33. e6 Re7 34. Rd1 Na6 35. Rd6 b5 36. Qb3 e2 37. Bc3 0-1

[Event "Titled Tuesday intern op 02nd Jul Late"]
[Site "Chess.com INT"]
[Date "2024.07.02"]
[Round "5"]
[White "Floresvillar Gonzalez, Luis Miguel"]
[Black "Guo, Anni"]
[Result "0-1"]
[WhiteElo "2021"]
[BlackElo "1883"]
[PlyCount "92"]
[EventDate "2024.07.02"]
[EventType "swiss (blitz)"]
[EventRounds "11"]
[EventCountry "USA"]
[SourceTitle "EXT 2025"]
[Source "ChessBase"]
[SourceDate "2024.10.14"]
[SourceVersion "1"]
[SourceVersionDate "2024.10.14"]
[SourceQuality "1"]

1. d4 d5 2. c3 Nf6 3. Bg5 h6 4. Bxf6 exf6 5. Nd2 Bd6 6. e4 dxe4 7. Nxe4 b6 8. Nxd6+ Qxd6 9. Bb5+ Nd7 10. Qf3 Rb8 11. Ne2 Bb7 12. Qg3 Qxg3 13. hxg3 Bxg2 14. Rh2 Bb7 15. 0-0-0 a6 16. Ba4 b5 17. Bb3 0-0 18. f4 Bf3 19. Kd2 Rfe8 20. Re1 c5 21. Rf2 Bb7 22. dxc5 Nxc5 23. Bc2 Rbd8+ 24. Nd4 Rxe1 25. Kxe1 Re8+ 26. Re2 Rxe2+ 27. Kxe2 Bd5 28. a3 Kf8 29. Ke3 Ke7 30. Nf5+ Kf8 31. b4 Ne6 32. Be4 Bxe4 33. Kxe4 h5 34. Kd5 g5 35. Kc6 gxf4 36. gxf4 Nxf4 37. Kb6 Nd5+ 38. Kxa6 Nxc3 39. Ka5 Kg8 40. a4 bxa4 41. b5 a3 42. Nd4 a2 43. Nb3 Nxb5 44. Kxb5 h4 45. Kc4 h3 46. Kd3 h2 0-1

[Event "Titled Tuesday intern op 02nd Jul Late"]
[Site "Chess.com INT"]
[Date "2024.07.02"]
[Round "9"]
[White "Guo, Anni"]
[Black "Korol, Dimitry"]
[Result "0-1"]
[WhiteElo "1883"]
[BlackElo "2287"]
[PlyCount "64"]
[EventDate "2024.07.02"]
[EventType "swiss (blitz)"]
[EventRounds "11"]
[EventCountry "USA"]
[SourceTitle "EXT 2025"]
[Source "ChessBase"]
[SourceDate "2024.10.14"]
[SourceVersion "1"]
[SourceVersionDate "2024.10.14"]
[SourceQuality "1"]

1. b3 c5 2. Bb2 Nc6 3. e3 d6 4. d4 cxd4 5. exd4 d5 6. Nf3 Nf6 7. Bd3 g6 8. 0-0 Bg7 9. Nbd2 0-0 10. Re1 e6 11. Ne5 Nxe5 12. dxe5 Nd7 13. c4 b6 14. cxd5 exd5 15. Nf3 Nc5 16. Bb5 Bb7 17. Qd4 Rc8 18. Rac1 Qe7 19. Ba3 Rc7 20. Be2 Rfc8 21. Red1 h6 22. Bb2 Ne4 23. Rxc7 Rxc7 24. Nd2 Kh7 25. Bf3 Rc2 26. Nxe4 dxe4 27. Bxe4 Bxe4 28. Qxe4 Rxb2 29. Qa4 Qxe5 30. Qxa7 Qe2 31. Rf1 Rd2 32. Qxf7 Rd1 0-1

[Event "Titled Tuesday intern op 02nd Jul Late"]
[Site "Chess.com INT"]
[Date "2024.07.02"]
[Round "10"]
[White "Guo, Anni"]
[Black "Stoettner, Lukas"]
[Result "1-0"]
[WhiteElo "1883"]
[BlackElo "2202"]
[PlyCount "31"]
[EventDate "2024.07.02"]
[EventType "swiss (blitz)"]
[EventRounds "11"]
[EventCountry "USA"]
[SourceTitle "EXT 2025"]
[Source "ChessBase"]
[SourceDate "2024.10.14"]
[SourceVersion "1"]
[SourceVersionDate "2024.10.14"]
[SourceQuality "1"]

1. b3 d5 2. Bb2 Nf6 3. e3 e6 4. d4 Be7 5. Nf3 0-0 6. Bd3 a5 7. 0-0 a4 8. c4 b6 9. bxa4 Nc6 10. Nc3 Nb4 11. Ba3 Nxd3 12. Bxe7 Qxe7 13. Qxd3 Ba6 14. Ne5 Nd7 15. Rfd1 Nxe5 16. dxe5 1-0

[Event "Titled Tuesday intern op 02nd Jul Late"]
[Site "Chess.com INT"]
[Date "2024.07.02"]
[Round "3"]
[White "Ruiz Vazquez, Javier"]
[Black "Guo, Anni"]
[Result "1-0"]
[WhiteElo "2237"]
[BlackElo "1883"]
[PlyCount "111"]
[EventDate "2024.07.02"]
[EventType "swiss (blitz)"]
[EventRounds "11"]
[EventCountry "USA"]
[SourceTitle "EXT 2025"]
[Source "ChessBase"]
[SourceDate "2024.10.14"]
[SourceVersion "1"]
[SourceVersionDate "2024.10.14"]
[SourceQuality "1"]

1. e4 e5 2. Bc4 Nc6 3. Nc3 Nf6 4. d3 a6 5. f4 Bc5 6. Nf3 exf4 7. Bxf4 d6 8. Qd2 b5 9. Bd5 Nxd5 10. Nxd5 Be6 11. 0-0-0 0-0 12. Kb1 a5 13. h4 Nb4 14. Nxb4 Bxb4 15. c3 Bc5 16. d4 Bb6 17. h5 b4 18. h6 g6 19. d5 Bg4 20. c4 Bc5 21. Be3 Qe7 22. Qd3 a4 23. Bxc5 dxc5 24. Rhe1 Bxf3 25. gxf3 Qg5 26. Rh1 Rfe8 27. Rdg1 Qf4 28. Rg4 Qf6 29. Rg2 Re5 30. Qe3 Qb6 31. f4 Ree8 32. e5 Rad8 33. f5 Kh8 34. e6 Qd6 35. Re1 c6 36. Qg5 Qe7 37. f6 Qb7 38. e7 Rd7 39. Rd2 cxd5 40. Rxd5 Rc7 41. Red1 b3 42. a3 Rcc8 43. Qe3 Qc6 44. Qd3 Qxf6 45. Rd8 Qxe7 46. Rxc8 Rxc8 47. Qc3+ f6 48. Rf1 Rc6 49. Qf3 Qe6 50. Ka1 Kg8 51. Rd1 Kf7 52. Qd3 Rc7 53. Qd8 Re7 54. Qh8 Qe2 55. Qxh7+ Ke8 56. Qg8# 1-0

[Event "Titled Tuesday intern op 25th Jun Late"]
[Site "Chess.com INT"]
[Date "2024.06.25"]
[Round "6"]
[White "Prieto Aranguren, Alain"]
[Black "Guo, Anni"]
[Result "1-0"]
[WhiteElo "2197"]
[BlackElo "1883"]
[PlyCount "29"]
[EventDate "2024.06.25"]
[EventType "swiss (blitz)"]
[EventRounds "11"]
[EventCountry "USA"]
[SourceTitle "EXT 2025"]
[Source "ChessBase"]
[SourceDate "2024.10.14"]
[SourceVersion "1"]
[SourceVersionDate "2024.10.14"]
[SourceQuality "1"]

1. e4 e6 2. d4 d5 3. exd5 Qxd5 4. Nf3 c5 5. c4 Qd8 6. d5 exd5 7. cxd5 Nf6 8. Nc3 Bd6 9. Bb5+ Bd7 10. 0-0 Bxb5 11. Re1+ Be7 12. Nxb5 a6 13. d6 axb5 14. Rxe7+ Kf8 15. Ne5 1-0

[Event "Titled Tuesday intern op 25th Jun Late"]
[Site "Chess.com INT"]
[Date "2024.06.25"]
[Round "4"]
[White "Ramsdal, Jens Albert"]
[Black "Guo, Anni"]
[Result "1-0"]
[WhiteElo "2351"]
[BlackElo "1883"]
[PlyCount "71"]
[EventDate "2024.06.25"]
[EventType "swiss (blitz)"]
[EventRounds "11"]
[EventCountry "USA"]
[SourceTitle "EXT 2025"]
[Source "ChessBase"]
[SourceDate "2024.10.14"]
[SourceVersion "1"]
[SourceVersionDate "2024.10.14"]
[SourceQuality "1"]

1. e4 e6 2. d4 d5 3. Nd2 dxe4 4. Nxe4 Nf6 5. Ng3 c5 6. Nf3 Nc6 7. Be3 cxd4 8. Nxd4 Nxd4 9. Qxd4 Be7 10. Qxd8+ Bxd8 11. Be2 0-0 12. Bf3 Be7 13. 0-0-0 e5 14. Rhe1 Ng4 15. Bxg4 Bxg4 16. f3 Be6 17. Kb1 Bh4 18. Bc5 Rfd8 19. b3 Bxg3 20. hxg3 Rxd1+ 21. Rxd1 a6 22. c4 Rc8 23. Bd6 f6 24. c5 Kf7 25. Kb2 g6 26. b4 Rc6 27. a4 Bc4 28. Kc3 Be6 29. b5 axb5 30. axb5 Rc8 31. Ra1 Rd8 32. Ra7 Rd7 33. Kb4 h5 34. c6 bxc6 35. b6 c5+ 36. Kxc5 1-0